Gracie Abrams - I miss you, I'm sorry (Lyrics) - Statistics

General Stats
  • This quiz has been taken 2,092 times
  • The average score is 216 of 266
Answer Stats
Answer % Correct
I
99%
"I
99%
you
99%
you?
99%
You
99%
you"
99%
you,
99%
a
97%
miss
95%
your
95%
in
94%
to
94%
Do
93%
do,
93%
it
93%
it?
93%
the
93%
when
93%
don't
92%
said,
92%
said
92%
And
91%
and
91%
I'm
91%
Is
91%
is
91%
of
91%
for
90%
still
90%
we
90%
sorry
89%
remember
88%
that
88%
you're
88%
Every
87%
"forever,"
87%
but
86%
But
86%
love
86%
Then
85%
be
84%
happy
84%
me,
84%
me
84%
together?
84%
go,
83%
go
83%
not
83%
old
83%
Breaking
82%
dishes
82%
fighting
82%
all
81%
apartment
81%
know
81%
bought
80%
corner
78%
house
78%
sudden,
78%
this
78%
true?
78%
almost
77%
haunted
77%
Nothing
77%
promise
77%
sick
77%
stomach
77%
way
77%
disappointed
76%
wanna
76%
wanted
76%
back
75%
happened
75%
we're
73%
I'll
71%
make
71%
end
70%
think
70%
worse
70%
talking
69%
us
68%
are
66%
better
66%
honest,
66%
been
64%
before
64%
here
64%
Please
64%
called
62%
Everything
62%
Everywhere
62%
we've
62%
brings
61%
hate
59%
Thought
59%
confused
58%
December
56%
fought
56%
leads
56%
you'd
56%
instead
55%
caught
51%
once
51%
saw
51%
only
48%
summer
47%
each
44%
other,
44%
give
43%
Good
39%
too
39%
knew,
37%
No matching quizzes found
Score Distribution
Percent of People with Each Score
Percentile by Number Answered
Your Score History
You have not taken this quiz